Marketing research / (Record no. 800133)

MARC details
000 -LEADER
fixed length control field 00732nam a22002297r 4500
003 - CONTROL NUMBER IDENTIFIER
control field 3228
005 - DATE AND TIME OF LATEST TRANSACTION
control field 20260609123226.0
008 - FIXED-LENGTH DATA ELEMENTS--GENERAL INFORMATION
fixed length control field 260609b sa ||||| |||| 00| 0 eng d
020 ## - INTERNATIONAL STANDARD BOOK NUMBER
International Standard Book Number 9781485129240 (paperback)
040 ## - CATALOGING SOURCE
Original cataloging agency MPL
Language of cataloging eng
Transcribing agency 3228
Description conventions Resource Description and Access
041 ## - LANGUAGE CODE
Language code of text/sound track or separate title English
082 #0 - DEWEY DECIMAL CLASSIFICATION NUMBER
Classification number 658.83 WIID
100 ## - MAIN ENTRY--PERSONAL NAME
9 (RLIN) 199731
Personal name Wiid, J.A.
Relator term author
245 ## - TITLE STATEMENT
Title Marketing research /
Statement of responsibility, etc. JA Wiid and CN Diggines ; editor Chantelle Hough Louw
250 ## - EDITION STATEMENT
Edition statement Fourth edition
260 ## - PUBLICATION, DISTRIBUTION, ETC.
Place of publication, distribution, etc. Cape Town :
Name of publisher, distributor, etc. Juta and Company ,
Date of publication, distribution, etc. ©2021,
-- 2023.
300 ## - PHYSICAL DESCRIPTION
Extent viii ; 418 pages :
Dimensions 24 cm
650 #0 - SUBJECT ADDED ENTRY--TOPICAL TERM
9 (RLIN) 181845
Topical term or geographic name entry element Marketing research
700 1# - ADDED ENTRY--PERSONAL NAME
9 (RLIN) 198391
Personal name Diggines, C.N
Relator term author
700 ## - ADDED ENTRY--PERSONAL NAME
9 (RLIN) 199730
Personal name Louw, Chantelle Hough
Relator term editor
942 ## - ADDED ENTRY ELEMENTS
Source of classification or shelving scheme Dewey Decimal Classification
item type Books
Edition DDC23
-- 296
-- Phillipina Naude
-- 296
-- Phillipina Naude
Holdings
Withdrawn status Lost status Source of classification or shelving scheme Damaged status Not for loan Collection code Home library Current library Shelving location Date acquired Total Checkouts Full call number Barcode Date last seen Price effective from item type Public note
    Dewey Decimal Classification     600: Technology & Applied Science Klarinet PL (MMID-PLEM-KLAR) Klarinet PL (MMID-PLEM-KLAR) Non Fiction 09.06.2026   658.83 WIID 3228200028254 09.06.2026 09.06.2026 Books 800133